Fr. Conceicao Rodrigues College of Engineering

Electrical machine winder (Record no. 32737)

MARC details
000 -LEADER
fixed length control field 00304nam a2200133Ia 4500
100 ## - MAIN ENTRY--PERSONAL NAME
Personal name Vinogradov
245 ## - TITLE STATEMENT
Title Electrical machine winder
260 ## - PUBLICATION, DISTRIBUTION, ETC.
Name of publisher, distributor, etc. Mir Publishers
Place of publication, distribution, etc. Moscow
Date of publication, distribution, etc. 1970
300 ## - PHYSICAL DESCRIPTION
Extent 400
546 ## - LANGUAGE NOTE
Language note ENGLISH
650 ## - SUBJECT ADDED ENTRY--TOPICAL TERM
Topical term or geographic name entry element Electrical Engineering
654 ## - SUBJECT ADDED ENTRY--FACETED TOPICAL TERMS
Focus term Machine Winder
942 ## - ADDED ENTRY ELEMENTS (KOHA)
Koha item type BOOK
Holdings
Withdrawn status Lost status Damaged status Not for loan Collection Home library Current library Date acquired Cost, normal purchase price Inventory number Total Checkouts Full call number Barcode Date last seen Cost, replacement price Price effective from Koha item type
        AFT Fr. Agnel's C.Rodrigues College of Engineering Fr. Agnel's C.Rodrigues College of Engineering 17/03/2023 7.25 P.P.H.5974   AFT1352 17/03/2023 7.25 17/03/2023 BOOK